Responses for Show #2870 - Friday, February 7, 1997

1997-A Teen Tournament quarterfinal game 5.

Contestants

[<< previous game]

Justin Powell, a junior from Charleston, South Carolina

Brian Joseph, a senior from Great Neck, New York

Fran Bigman, a junior from Richmond, Virginia

[next game >>]

Jeopardy! Round responses

THE CRUSADES
ETIQUETTE
COMPUTERS
ACTORS & ROLES
ALL ABOUT RIVERS
COMMON BONDS
    $100 13
(J: What is a horse?)

Donkey

BrianJustin
    $100 1
Graduation/Commencement

Justin
    $100 21
Barbie

Brian
    $100 8
Jim Carrey

Brian
    $100 2
(B: What is...?)
(Alex: Don't be nervous, it's still early)

White water

Brian
Triple Stumper
    $100 9
Sauces

Justin
    $200 17
Knights

Justin
    $200 4
Corsage

Justin
    $200 22
Printers

Fran
    $200 10
Albert Einstein

Justin
    $200 3
Tributaries

Fran
    $200 14
Things you file

Brian
    $300 18
Jerusalem

Brian
    $300 6
Combing your hair

Justin
    $300 25
Intel

Brian
    $500 11
Sabrina, the Teenage Witch

Justin
    $300 5
(J: What is water?)
(Alex (during interview):
Going back to the clue, it would seem very obvious that we were excluding water, but we didn't say that in the clue, so we're going to accept Justin's response since it dumps 1 million metric tons of water into the Gulf of Mexico)

Silt/Sediment

FranJustin
    $300 15
Different names for Santa Claus

Justin
    $400 23
Richard the Lionhearted

Justin
    $400 29
His hat

Brian
    $400 26
Application

Justin
    $400 12
Jack Nicholson

Fran
    $400 7
(J: What is a dam?)

Levee

Justin
Triple Stumper
    $400 19
Shorts

Brian
    $500 24
Damascus

Brian
    $500 30
(B: What is a pallbearer?)
(Alex: You're getting way ahead of yourself there, Brian, with wedding ceremonies!)

Ring Bearer

BrianJustin
    $500 27
Gateway 2000

Brian
    $500 16
(J: What is "Expediency?")

"Relativity"

FranJustin
    $500 28
Estuary

Triple Stumper
    $500 20
Things you blow

Brian

Scores at the first commercial break (after clue 15):

Fran Brian Justin
$900 $300 $1,500

Scores at the end of the Jeopardy! Round:

Fran Brian Justin
$1,600 $2,800 $2,500

Double Jeopardy! Round responses

ASTRONOMY & SPACE
FLOWERS
AROUND THE WORLD
U.S. HISTORY
NOVELS & NOVELISTS
WORDS TO THE WISE
    $200 25
Saturn

Justin
    $200 8
Lily

Fran
    $200 13
Ferdinand Magellan

Justin
    $200 6
The Louisiana Purchase

Justin
    $200 1
Mary Shelley

Fran
    $200 21
"Dear Abby"

Fran
    $400 26
Mars

Justin
    $400 9
Rose

Justin
    $400 14
Florence

Fran
    $400 7
Senators

Fran
    $400 2
Charles Dickens

Justin
    $400 22
Mother Teresa

Brian
    $600 27
Sunspots

Justin
    $600 18
Morning Glory

Triple Stumper
    $2,000 15
Portugal

Fran
    $600 10
Andrew Carnegie

Justin
    $600 3
Cardinal Richelieu

Justin
    $600 23
(Alex: Why do you smile & say that when you look at me? - go again!)

30

Fran
    $800 28
Jupiter

Justin
    $2,000 19
Sunflower

Fran
    $800 16
Hungary

Justin
    $800 11
Cotton

Justin
    $800 4
Upton Sinclair

Justin
    $800 24
Davy Crockett

Justin
    $1000 29
Comet

Brian
    $1000 20
(J: What is the lotus?)

Chrysanthemum

FranJustin
    $1000 17
Gdansk

Fran
    $1000 12
Atchison, Topeka & Santa Fe

Triple Stumper
    $1000 5
Sir Walter Scott

Justin
    $1000 30
Robert Fulghum

Fran

Scores at the end of the Double Jeopardy! Round:

Fran Brian Justin
$10,600 $4,200 $10,100

Final Jeopardy! Round responses

HISTORIC GEOGRAPHY
[Semifinalists: winners: T. O'Connor, B. Frantz, F. Hillis & A. Fox; wildcards:
M. Burgess ($10,100), P. Dhume ($8,600),
F. Bigman ($7,100) & J. Den Hartog ($3,989)]
BrianWhat is (Wales) Ireland
$4,200
JustinWhat is Great Britain
$2,099
FranWhat is England
$3,500
Germany

Final scores:

Fran Brian Justin
$7,100 $0 $8,001
2nd place: $1,000 if eliminated 3rd place: $1,000 if eliminated Automatic semifinalist

Game dynamics:

Coryat scores:

Fran Brian Justin
$8,000 $4,200 $9,900
16 R
(including 2 DDs),
0 W
13 R,
2 W
27 R
(including 1 DD),
4 W

Combined Coryat: $22,100

[game clues] [game scores] [suggest correction]

Game tape date: 1997-01-08
The J! Archive is created by fans, for fans. Scraping, republication, monetization, and malicious use prohibited; this site may use cookies and collect identifying information. See terms. The Jeopardy! game show and all elements thereof, including but not limited to copyright and trademark thereto, are the property of Jeopardy Productions, Inc. and are protected under law. This website is not affiliated with, sponsored by, or operated by Jeopardy Productions, Inc. Join the discussion at JBoard.tv.